000 00403nam a2200133Ia 4500
003 GCL
008 140319s9999 xx 000 0 ara d
040 _aGCL /
_cGCL
082 0 4 _a236
_bم م
245 1 0 _aمعارف من السيرة النبوية
260 _a[S.N] :
_bمنشاة المعارف الاسلامية ،
_c1988
300 _a369 ص
490 _aكتب الدراسات القرانية
_v0
999 _c32239
_d32239